| 000 | 00706nam a2200133Ia 4500 | ||
|---|---|---|---|
| 008 | 171212s9999 xx 000 0 und d | ||
| 020 | _a9780874214475 | ||
| 100 | _aFishman, Stephen | ||
| 245 |
_cFishman, Stephen _aWhose Goals Whose Aspirations _bLearning to Teach Underprepared Writers across the Curriculum |
||
| 260 |
_bUniversity Press of Colorado _c2002 |
||
| 650 | _aEducation | ||
| 650 | _aEnglish language -- Rhetoric -- Study and teaching -- United States; Report writing -- Study and teaching (Higher) -- United States; Interdisciplinary approach in education -- United States; Minorities -- Education (Higher) -- United States; Multicultural | ||
| 856 | _uwww.jstor.org/stable/10.2307/j.ctt46nsjg | ||
| 999 |
_c353197 _d353197 |
||